[Event "Xtracon Chess Open 2016"]
[Site "Elsinore"]
[Date "2016.07.30"]
[Round "9.164"]
[White "Andersen, Claus"]
[Black "Jensen, Hans Askov"]
[Result "1-0"]
[WhiteElo "1766"]
[BlackElo "1469"]
[PlyCount "65"]
[EventDate "2016.07.23"]

1. d4 Nf6 2. c4 e6 3. Nc3 b6 4. Nf3 Bb7 5. e3 Bb4 6. Be2 O-O 7. O-O c5 8. Bd2
cxd4 9. Nxd4 Nc6 10. Bf3 Qb8 11. a3 Bd6 12. g3 Nxd4 13. exd4 a6 14. Bg5 Be7 15.
Bf4 Qc8 16. Bxb7 Qxb7 17. Re1 h5 18. d5 Bc5 19. b4 Be7 20. Rc1 Rac8 21. Qd3 Ng4
22. h3 Nf6 23. Ne4 Nxe4 24. Rxe4 Bd8 25. Bd6 Re8 26. dxe6 dxe6 27. c5 Bc7 28.
c6 Qb8 29. Bxc7 Rxc7 30. Qxa6 Rd8 31. Qe2 g6 32. b5 Rd5 33. Rxe6 1-0

[Event "Xtracon Chess Open 2016"]
[Site "Elsinore"]
[Date "2016.07.30"]
[Round "9.165"]
[White "Tryggestad, Linnea Garberg"]
[Black "Sebastian, Andreas"]
[Result "1-0"]
[WhiteElo "1525"]
[BlackElo "1754"]
[PlyCount "59"]
[EventDate "2016.07.23"]

1. d4 Nf6 2. Bg5 c5 3. Bxf6 exf6 4. d5 f5 5. c4 d6 6. Nc3 g6 7. e3 Bg7 8. Qc2
O-O 9. Nf3 Nd7 10. Bd3 a6 11. O-O Ne5 12. Nxe5 Bxe5 13. f4 Bg7 14. Rf3 Bd7 15.
Rg3 Re8 16. Re1 b5 17. cxb5 axb5 18. Nxb5 Bxb5 19. Bxb5 Re4 20. Bd3 Rb4 21. b3
Qa5 22. Re2 Rb7 23. h4 Rba7 24. a4 Rb7 25. Bb5 Re7 26. h5 Re4 27. Bd3 Rb4 28.
Bxf5 gxf5 29. h6 Re4 30. Rxg7+ 1-0

[Event "Xtracon Chess Open 2016"]
[Site "Elsinore"]
[Date "2016.07.30"]
[Round "9.166"]
[White "Vinther, Christoffer"]
[Black "Bennett, Owen"]
[Result "0-1"]
[WhiteElo "1509"]
[BlackElo "1741"]
[PlyCount "58"]
[EventDate "2016.07.23"]

1. e4 c5 2. Nf3 g6 3. Bc4 Nc6 4. Nc3 Bg7 5. d3 Nf6 6. e5 Ng4 7. Bxf7+ Kxf7 8.
Ng5+ Kg8 9. Qxg4 Nxe5 10. Qe2 h6 11. Nf3 Nxf3+ 12. gxf3 d5 13. h4 h5 14. Rg1
Bf5 15. Bg5 Bf6 16. Qd2 e6 17. O-O-O Kf7 18. Ne2 Qe7 19. Rde1 Rhg8 20. Nf4 Qd6
21. Rg3 Bxg5 22. Rxg5 b5 23. Reg1 b4 24. Ne2 a5 25. Ng3 Rae8 26. Nxf5 exf5 27.
f4 Re6 28. R5g3 Rge8 29. Kd1 Qe7 0-1

[Event "Xtracon Chess Open 2016"]
[Site "Elsinore"]
[Date "2016.07.30"]
[Round "9.167"]
[White "Cithu, Arun Vijay"]
[Black "Larsen, Mette Dalsgaard"]
[Result "1/2-1/2"]
[WhiteElo "1501"]
[BlackElo "1715"]
[PlyCount "85"]
[EventDate "2016.07.23"]

1. e4 e6 2. d4 d5 3. Nc3 dxe4 4. Nxe4 Be7 5. Nf3 Nf6 6. Bd3 Nbd7 7. O-O b6 8.
Bf4 Bb7 9. Re1 Nd5 10. Bg3 f5 11. Nc3 f4 12. Nxd5 Bxd5 13. Bxf4 O-O 14. Bg3
Bxf3 15. gxf3 Bd6 16. Rxe6 Qg5 17. Bc4 Kh8 18. Kh1 Bf4 19. Bxf4 Qxf4 20. Qd3
Rf5 21. Qe3 Qh4 22. Re8+ Rxe8 23. Qxe8+ Nf8 24. Qe4 Qf6 25. Re1 Rh5 26. Re3 Qh6
27. Kg1 Rxh2 28. f4 Rh5 29. Rg3 Qd6 30. Rg5 Rh4 31. Rf5 Qg6+ 32. Kf1 Rh1+ 33.
Qxh1 Qxf5 34. Bd3 Qxf4 35. Qa8 a5 36. b3 g6 37. Ke2 Kg7 38. Qd5 Kh6 39. Qh1+
Kg5 40. Qd5+ Kh4 41. Qh1+ Kg5 42. Qd5+ Kh4 43. Qh1+ 1/2-1/2

[Event "Xtracon Chess Open 2016"]
[Site "Elsinore"]
[Date "2016.07.30"]
[Round "9.168"]
[White "Brokso, Kim"]
[Black "Hina, Ariza"]
[Result "1-0"]
[WhiteElo "1713"]
[BlackElo "1370"]
[PlyCount "35"]
[EventDate "2016.07.23"]

1. e4 e5 2. Bc4 Nc6 3. a4 Nf6 4. d3 Bc5 5. h3 d6 6. c3 d5 7. exd5 Nxd5 8. b4
Bd6 9. Bxd5 Qf6 10. Qf3 Qxf3 11. Nxf3 Bf5 12. Be4 Bd7 13. Nbd2 f5 14. Bd5 O-O-O
15. Nc4 Ne7 16. Nxd6+ cxd6 17. Bb3 Kb8 18. Bg5 1-0

[Event "Xtracon Chess Open 2016"]
[Site "Elsinore"]
[Date "2016.07.30"]
[Round "9.169"]
[White "Kvaloy, Ola"]
[Black "Bennett, Rhys"]
[Result "0-1"]
[WhiteElo "1408"]
[BlackElo "1711"]
[PlyCount "60"]
[EventDate "2016.07.23"]

1. d4 d5 2. Nf3 Nf6 3. e3 c5 4. b3 g6 5. Bd3 Bg7 6. Bb2 O-O 7. O-O Nbd7 8. Nbd2
b6 9. Ne5 Nxe5 10. dxe5 Ng4 11. Rb1 Nxe5 12. Be2 Bb7 13. f4 Nd7 14. Bxg7 Kxg7
15. Qe1 e5 16. f5 Qg5 17. Rf3 Nf6 18. h4 Qh6 19. Rg3 d4 20. exd4 exd4 21. Rg5
Rae8 22. Qf2 Rxe2 23. Qxe2 Qxh4 24. fxg6 Qxg5 25. gxh7 Re8 26. Qf2 Bxg2 27.
Qxg2 Qxg2+ 28. Kxg2 Re2+ 29. Kf3 Rxd2 30. Rh1 Nxh7 0-1

[Event "Xtracon Chess Open 2016"]
[Site "Elsinore"]
[Date "2016.07.30"]
[Round "9.170"]
[White "Shehzad, Alisha"]
[Black "Stockhaug, Jon Arne"]
[Result "0-1"]
[WhiteElo "1514"]
[BlackElo "1901"]
[PlyCount "68"]
[EventDate "2016.07.23"]

1. e4 c5 2. Nf3 Nc6 3. d4 cxd4 4. Nxd4 g6 5. Be3 Bg7 6. Nc3 Nf6 7. Bc4 O-O 8.
Bb3 a5 9. a3 d6 10. h3 Bd7 11. O-O Nxd4 12. Bxd4 Bc6 13. Re1 e5 14. Be3 Nxe4
15. Nxe4 Bxe4 16. c4 Bc6 17. Qd2 Qc7 18. Rad1 Rfd8 19. Qc1 b6 20. f4 Qb7 21.
Rd2 Re8 22. g4 Qe7 23. Rde2 Qh4 24. Kh2 Bf3 25. Bf2 Qd8 26. Re3 Bc6 27. Bg3 Qc7
28. Bc2 exf4 29. Rxe8+ Rxe8 30. Rxe8+ Bxe8 31. Bxf4 Qxc4 32. b3 Qe2+ 33. Kg1
Bd4+ 34. Kh1 Bc6+ 0-1

[Event "Xtracon Chess Open 2016"]
[Site "Elsinore"]
[Date "2016.07.30"]
[Round "9.171"]
[White "Calderon, Paul"]
[Black "Kharraziha, Hamid"]
[Result "1-0"]
[WhiteElo "1828"]
[BlackElo "1427"]
[PlyCount "35"]
[EventDate "2016.07.23"]

1. c4 e5 2. g3 Nf6 3. Bg2 c6 4. Nf3 e4 5. Nd4 d5 6. cxd5 cxd5 7. O-O Bc5 8. Nb3
Bb6 9. d3 O-O 10. Nc3 Qe7 11. Bg5 Re8 12. d4 h6 13. Bxf6 Qxf6 14. e3 Qe7 15.
Rc1 Nc6 16. a3 Bc7 17. Qc2 b6 18. Nxd5 1-0

[Event "Xtracon Chess Open 2016"]
[Site "Elsinore"]
[Date "2016.07.30"]
[Round "9.172"]
[White "Fjellengen, Bard"]
[Black "Tjora, Alexander"]
[Result "1/2-1/2"]
[WhiteElo "1764"]
[BlackElo "1411"]
[PlyCount "104"]
[EventDate "2016.07.23"]

1. e4 c5 2. Nf3 a6 3. d4 cxd4 4. Nxd4 Nf6 5. Nc3 d6 6. Be2 e5 7. Nf3 h6 8. h3
Nbd7 9. Be3 b5 10. a3 Bb7 11. Nd2 Rc8 12. Bf3 Nb6 13. Qe2 Be7 14. Qd3 Qc7 15.
Rc1 O-O 16. Bxb6 Qxb6 17. Nd5 Nxd5 18. exd5 f5 19. O-O e4 20. Nxe4 fxe4 21.
Bxe4 Bf6 22. c3 Be5 23. Bf5 Rc4 24. Be6+ Kh8 25. g3 Bc8 26. Bxc8 Rcxc8 27. Kg2
Qb7 28. f4 Bf6 29. Rfe1 Rc7 30. Re6 Rd7 31. Rce1 Re7 32. Rxe7 Bxe7 33. Qe4 Bd8
34. g4 Qf7 35. f5 g6 36. Qe6 Kg7 37. Qxg6+ Qxg6 38. fxg6 Bh4 39. Re2 Rf6 40. b3
Rxg6 41. c4 bxc4 42. bxc4 h5 43. Kf3 hxg4+ 44. hxg4 Rf6+ 45. Ke4 Bg5 46. Ra2
Rf4+ 47. Kd3 Rxg4 48. Kc3 Kg6 49. Kb3 Rg3+ 50. Kb4 Be3 51. Ka5 Bc5 52. a4 Ra3
1/2-1/2

[Event "Xtracon Chess Open 2016"]
[Site "Elsinore"]
[Date "2016.07.30"]
[Round "9.173"]
[White "Edwardsson, Hannu Kalervo"]
[Black "Nielsen, Leo"]
[Result "0-1"]
[WhiteElo "1451"]
[BlackElo "1749"]
[PlyCount "88"]
[EventDate "2016.07.23"]

1. e4 c5 2. c4 e5 3. Nf3 d6 4. d3 Nc6 5. Be2 Be7 6. O-O g5 7. h3 h5 8. Nh2 h4
9. Bg4 Nh6 10. Bxc8 Qxc8 11. Be3 f5 12. exf5 Qxf5 13. a3 O-O-O 14. Nc3 Rdg8 15.
Ng4 Nxg4 16. Qxg4 Qxg4 17. hxg4 h3 18. gxh3 Rxh3 19. Kg2 Rgh8 20. Rh1 R3h4 21.
Rxh4 Rxh4 22. Kg3 Kd7 23. Nd5 Bd8 24. Nc3 Ke6 25. Ne4 Nd4 26. Re1 Nc2 27. Rc1
Nxe3 28. fxe3 b6 29. Nd2 Rh7 30. e4 a6 31. a4 Kd7 32. b3 Kc6 33. Nb1 b5 34. Nc3
bxa4 35. bxa4 Rb7 36. Rb1 Rxb1 37. Nxb1 Ba5 38. Na3 Kb6 39. Kf3 Bb4 40. Nc2 Ka5
41. Ke2 Kxa4 42. Kd1 Kb3 43. Na1+ Kc3 44. Ke2 Kb2 0-1

[Event "Xtracon Chess Open 2016"]
[Site "Elsinore"]
[Date "2016.07.30"]
[Round "9.174"]
[White "Kristensen, Lars Ostergaard"]
[Black "Trasti, Nora Christine"]
[Result "1-0"]
[WhiteElo "1710"]
[BlackElo "1367"]
[PlyCount "89"]
[EventDate "2016.07.23"]

1. d4 d5 2. Bg5 Nf6 3. e3 e6 4. c4 Nc6 5. Nc3 Be7 6. cxd5 exd5 7. Bd3 O-O 8.
Nge2 h6 9. Bh4 a6 10. f3 b5 11. Rc1 Bb7 12. O-O Na5 13. b3 Rc8 14. Bf5 Nd7 15.
Bf2 c5 16. dxc5 g6 17. Bh3 Bxc5 18. Nxd5 Bd6 19. Bxd7 Rxc1 20. Nxc1 Bxd5 21.
Qxd5 Qxd7 22. Rd1 Rd8 23. Bg3 Nb7 24. Ne2 Qe7 25. Qe4 Qxe4 26. fxe4 Bxg3 27.
Rxd8+ Nxd8 28. Nxg3 Nc6 29. Ne2 Kg7 30. Kf2 Kf6 31. Nd4 Ne5 32. Ke2 Ke7 33. a4
bxa4 34. bxa4 Kd6 35. Nb3 Kc6 36. h3 Nd7 37. Kd3 Nc5+ 38. Nxc5 Kxc5 39. Kc3 f6
40. h4 h5 41. Kb3 a5 42. Kc3 Kc6 43. Kc4 Kb6 44. Kd5 f5 45. e5 1-0

[Event "Xtracon Chess Open 2016"]
[Site "Elsinore"]
[Date "2016.07.30"]
[Round "9.175"]
[White "Tolba, Henri"]
[Black "Huse, Lars Paul"]
[Result "1-0"]
[WhiteElo "1688"]
[BlackElo "1121"]
[PlyCount "79"]
[EventDate "2016.07.23"]

1. d4 d5 2. Nf3 Nf6 3. e3 e6 4. Bd3 c5 5. b3 Nc6 6. O-O Bd6 7. dxc5 Bxc5 8. a3
O-O 9. Bb2 Re8 10. c4 a6 11. Qc2 Be7 12. Nbd2 g6 13. Rad1 Bf8 14. e4 d4 15. e5
Nd7 16. Nxd4 Ncxe5 17. Be4 Bg7 18. N2f3 Nxf3+ 19. Nxf3 Qe7 20. Bxg7 Kxg7 21.
Qb2+ Qf6 22. Qxf6+ Nxf6 23. Bc2 b6 24. Rd6 Rb8 25. Ne5 Re7 26. Nc6 Rbb7 27.
Nxe7 Rxe7 28. Rxb6 Ne8 29. Rd1 Bb7 30. f3 f5 31. Kf2 Kf7 32. b4 Nf6 33. Rbd6
Bc8 34. Ba4 g5 35. g3 g4 36. Bc2 gxf3 37. Kxf3 Nd7 38. Re1 Re8 39. Ba4 Ke7 40.
Rdxe6+ 1-0

[Event "Xtracon Chess Open 2016"]
[Site "Elsinore"]
[Date "2016.07.30"]
[Round "9.176"]
[White "Wanvik, Tim"]
[Black "Joensson, Jacob"]
[Result "0-1"]
[WhiteElo "1479"]
[BlackElo "1680"]
[PlyCount "114"]
[EventDate "2016.07.23"]

1. d4 Nf6 2. c4 e6 3. Nf3 d5 4. Bg5 Be7 5. e3 O-O 6. Nc3 h6 7. Bh4 b6 8. Qb3
Bb7 9. cxd5 Nxd5 10. Bxe7 Nxe7 11. Rc1 Nd7 12. Be2 c5 13. Nb5 cxd4 14. Nbxd4
Nc5 15. Qa3 Rc8 16. O-O a5 17. b4 axb4 18. Qxb4 Nd5 19. Qd2 Qf6 20. Nb3 Ne4 21.
Qd4 Nec3 22. Bd3 Qxd4 23. Nbxd4 Nxa2 24. Ra1 Nab4 25. Ra7 Nxd3 26. Rxb7 Ra8 27.
Nb3 Ra3 28. e4 Rxb3 29. exd5 Nc5 30. Ra7 exd5 31. Rd1 Rd8 32. Nd4 Rd3 33. Rxd3
Nxd3 34. Kf1 Re8 35. Ra1 Re4 36. Ne2 Kf8 37. Nc3 Re5 38. Rd1 Nb4 39. f3 Nc2 40.
Rd2 d4 41. Rxc2 Rc5 42. Ke2 dxc3 43. Kd3 Ke7 44. Rxc3 Rxc3+ 45. Kxc3 Kd6 46.
Kb4 Ke5 47. Kb5 Kf4 48. Kxb6 Ke3 49. Kc6 Kf2 50. Kd6 Kxg2 51. Ke7 Kxf3 52. Kxf7
Kg2 53. Kxg7 h5 54. Kf6 h4 55. Kg5 h3 56. Kg4 Kxh2 57. Kf3 Kg1 0-1

[Event "Xtracon Chess Open 2016"]
[Site "Elsinore"]
[Date "2016.07.30"]
[Round "9.178"]
[White "Svane, Freja"]
[Black "Nesse, David"]
[Result "0-1"]
[WhiteElo "1302"]
[BlackElo "1604"]
[PlyCount "116"]
[EventDate "2016.07.23"]

1. d4 Nf6 2. c4 c5 3. Nf3 g6 4. Nc3 cxd4 5. Nxd4 Bg7 6. e3 O-O 7. Bd3 Nc6 8.
Nce2 Nxd4 9. Nxd4 e5 10. Nb5 d5 11. cxd5 Nxd5 12. O-O Re8 13. a3 a6 14. Bc4 Nb6
15. Nd6 Nxc4 16. Nxc4 Be6 17. Nd6 Re7 18. Ne4 Rd7 19. Qc2 Bf5 20. Qa4 b5 21.
Qb4 a5 22. Qxb5 Bxe4 23. Qc4 Bd3 24. Qc6 Bxf1 25. Kxf1 Rd1+ 26. Ke2 Qd3+ 27.
Kf3 Rf1 28. Qxa8+ Bf8 29. Qe4 Rxf2+ 30. Kxf2 Qxe4 31. Bd2 Qc2 32. Ke2 Qxb2 33.
Rc1 Bxa3 34. Rc8+ Kg7 35. Rd8 Bb4 36. Rd7 a4 37. Kd1 Qxd2+ 38. Rxd2 Bxd2 39.
Kxd2 Kf6 40. Kc3 Kf5 41. Kb4 Ke4 42. Kxa4 Kxe3 43. Kb4 Kf2 44. Kc4 e4 45. Kd5
e3 46. Ke5 e2 47. Kf6 e1=Q 48. g4 Qe6+ 49. Kg7 f6 50. g5 Qe7+ 51. Kh6 fxg5 52.
h4 Qf8+ 53. Kxh7 gxh4 54. Kxg6 h3 55. Kg5 h2 56. Kg4 h1=R 57. Kg5 Rg1+ 58. Kh4
Qh8# 0-1

[Event "Xtracon Chess Open 2016"]
[Site "Elsinore"]
[Date "2016.07.30"]
[Round "9.179"]
[White "Larsen, Alex"]
[Black "Mottang, Harald"]
[Result "0-1"]
[WhiteElo "1442"]
[BlackElo "1597"]
[PlyCount "98"]
[EventDate "2016.07.23"]

1. e4 c5 2. Nf3 Nc6 3. Bc4 e6 4. O-O a6 5. a3 Nf6 6. d3 Be7 7. Be3 d5 8. exd5
exd5 9. Ba2 O-O 10. Ne1 Bg4 11. f3 Bh5 12. c3 Qc7 13. Qd2 Rfd8 14. Bf4 Qb6 15.
Kh1 Bg6 16. b3 Rd7 17. Qf2 d4 18. c4 Re8 19. Nd2 Nh5 20. g3 Nxf4 21. gxf4 Qd8
22. Ne4 Bh4 23. Qd2 Rde7 24. Ng2 Bf6 25. Nxf6+ gxf6 26. Rg1 Re2 27. Qc1 Kh8 28.
f5 Bh5 29. Qf1 Qd6 30. Re1 Qe5 31. Rxe2 Qxe2 32. Bb1 Bxf3 33. Qxe2 Rxe2 34. h4
Ne5 35. Kh2 Rb2 36. Kg3 Bxg2 37. b4 b6 38. b5 axb5 39. cxb5 Bd5 40. a4 Rd2 41.
h5 h6 42. a5 bxa5 43. b6 Rb2 44. Rc1 c4 45. dxc4 Nxc4 46. Be4 Nxb6 47. Bxd5
Nxd5 48. Rc5 Ne3 49. Rxa5 d3 0-1

[Event "Xtracon Chess Open 2016"]
[Site "Elsinore"]
[Date "2016.07.30"]
[Round "9.182"]
[White "Janse, Circe"]
[Black "Overmark, Ole"]
[Result "1-0"]
[WhiteElo "1427"]
[BlackElo "1775"]
[PlyCount "119"]
[EventDate "2016.07.23"]

1. e4 c5 2. Nf3 e6 3. d4 cxd4 4. Nxd4 a6 5. Nc3 Nc6 6. Be3 Bb4 7. Qd2 Nf6 8. f3
O-O 9. O-O-O b5 10. Nxc6 dxc6 11. Qxd8 Rxd8 12. Rxd8+ Bf8 13. Bc5 Nd7 14. Bxf8
Nxf8 15. Rd1 c5 16. Be2 g6 17. Rhf1 Kg7 18. f4 Bb7 19. Bf3 Ra7 20. g4 Bc6 21.
f5 e5 22. Bg2 g5 23. f6+ Kg6 24. Ne2 Ne6 25. c3 b4 26. c4 a5 27. Ng3 Nf4 28.
Nf5 Rc7 29. Bf3 a4 30. Rd6 Bb7 31. h4 gxh4 32. Nxh4+ Kg5 33. Nf5 Bc8 34. Rh1
Be6 35. Rxh7 Kxf6 36. Rh6+ Kg5 37. Rh8 Ng6 38. Rh5+ Kf4 39. Be2 Kxe4 40. Rd3
Bxf5 41. Rxf5 Nf4 42. Rd2 Re7 43. Kd1 a3 44. b3 Ke3 45. Rf6 Re8 46. Rxf7 Rh8
47. Bf1 Rh1 48. Ke1 e4 49. Rxf4 Kxf4 50. Rd5 e3 51. Rh5 Rg1 52. Ke2 Rxg4 53.
Rxc5 Rh4 54. Kd3 Rh1 55. Rc8 Kg3 56. Rg8+ Kf2 57. Rf8+ Ke1 58. Be2 Rg1 59. c5
Rg5 60. Rf1# 1-0

[Event "Xtracon Chess Open 2016"]
[Site "Elsinore"]
[Date "2016.07.30"]
[Round "9.183"]
[White "Andersen, Johnny"]
[Black "Hein, Jacob"]
[Result "1-0"]
[WhiteElo "1740"]
[BlackElo "1447"]
[PlyCount "60"]
[EventDate "2016.07.23"]

1. e4 Nc6 2. Bc4 e5 3. Nf3 Bc5 4. O-O Nf6 5. d3 h6 6. Be3 Bxe3 7. fxe3 d5 8.
exd5 Na5 9. Bb5+ c6 10. dxc6 bxc6 11. Ba4 Qb6 12. Qd2 Ng4 13. Re1 Bb7 14. h3
O-O-O 15. hxg4 e4 16. Nd4 exd3 17. Qxd3 h5 18. Nc3 g6 19. b4 Ba6 20. b5 c5 21.
bxa6 cxd4 22. Qe4 Rhe8 23. Bxe8 dxc3 24. Rab1 Qxa6 25. Rb5 Rd2 26. Qa8+ Kc7 27.
Rc5+ Kd6 28. Rxc3 Ke7 29. Rc7+ Kf6 30. Qf3+ Kg5 1-0

[Event "Xtracon Chess Open 2016"]
[Site "Elsinore"]
[Date "2016.07.30"]
[Round "9.184"]
[White "Gjare, Vidar"]
[Black "Palozza, Flavio"]
[Result "1-0"]
[WhiteElo "1646"]
[BlackElo "1342"]
[PlyCount "135"]
[EventDate "2016.07.23"]

1. e4 g6 2. d4 Bg7 3. Nc3 c6 4. Be3 d5 5. Qd2 dxe4 6. Nxe4 Bf5 7. Ng3 Bg4 8. h3
Be6 9. a3 Nf6 10. N1e2 Na6 11. Nf4 Nc7 12. Be2 Bc8 13. O-O-O Ncd5 14. Nxd5 Nxd5
15. Bh6 O-O 16. h4 Re8 17. h5 Bh8 18. hxg6 fxg6 19. Bg5 Rf8 20. f3 b6 21. Ne4
Bf5 22. Bc4 Qc7 23. g4 Be6 24. Qe2 Qd7 25. Bh6 Rf7 26. Be3 Nxe3 27. Bxe6 Qxe6
28. Qxe3 Raf8 29. Qh6 Rg7 30. Ng5 Qe3+ 31. Kb1 a6 32. Rde1 Qf4 33. Re4 Qd2 34.
Ne6 Qxh6 35. Rxh6 Rxf3 36. Nxg7 Bxg7 37. Rh1 Rg3 38. c3 Rf3 39. Rxe7 Rf6 40.
Rhe1 Bf8 41. R7e6 Rxe6 42. Rxe6 c5 43. Rxb6 cxd4 44. cxd4 Bg7 45. d5 Kf8 46. d6
Bd4 47. Rb8+ Kf7 48. d7 Bf6 49. d8=Q Bxd8 50. Rxd8 h5 51. gxh5 gxh5 52. b4 Kg6
53. Rd6+ Kg5 54. Rxa6 h4 55. Rc6 h3 56. Rc1 Kg4 57. Kb2 h2 58. b5 Kg3 59. b6
Kg2 60. b7 h1=Q 61. Rxh1 Kxh1 62. b8=Q Kg2 63. Qf8 Kg3 64. Kc3 Kg4 65. Kd4 Kg5
66. Ke5 Kg6 67. Qg8+ Kh6 68. Kf6 1-0

[Event "Xtracon Chess Open 2016"]
[Site "Elsinore"]
[Date "2016.07.30"]
[Round "9.185"]
[White "Skjoldager, Morten"]
[Black "Amarapala, Sheroni"]
[Result "0-1"]
[WhiteElo "1629"]
[BlackElo "1330"]
[PlyCount "56"]
[EventDate "2016.07.23"]

1. e4 e5 2. Nf3 Nc6 3. Bc4 Bc5 4. d3 h6 5. Nc3 Nf6 6. Be3 Bb6 7. Qd2 d6 8. h3
Be6 9. Bb3 Ba5 10. O-O Qd7 11. Bxe6 fxe6 12. a3 a6 13. b4 Bb6 14. Bxb6 cxb6 15.
Qe3 b5 16. Nh2 O-O 17. f4 Nh5 18. Ne2 d5 19. fxe5 Nxe5 20. d4 Nc4 21. Qd3 dxe4
22. Rxf8+ Rxf8 23. Qxe4 Nd2 24. Qd3 Qf7 25. Ng4 Nc4 26. Ng3 Nxg3 27. Qxg3 Qg6
28. c3 h5 0-1

[Event "Xtracon Chess Open 2016"]
[Site "Elsinore"]
[Date "2016.07.30"]
[Round "9.186"]
[White "Opseth, Erik"]
[Black "Maselli, David"]
[Result "0-1"]
[WhiteElo "1064"]
[BlackElo "1567"]
[PlyCount "50"]
[EventDate "2016.07.23"]

1. e4 g6 2. d4 Bg7 3. Nf3 d6 4. Nc3 Nf6 5. Be2 O-O 6. O-O Nbd7 7. Bd2 e5 8. Qc1
Re8 9. a3 exd4 10. Nb5 Nxe4 11. Nbxd4 Ne5 12. Bd3 Nxd2 13. Nxd2 Nxd3 14. cxd3
Bxd4 15. Ne4 Bf5 16. Qc4 Bg7 17. Ra2 Be6 18. Qb5 Bxa2 19. Ng5 Re5 20. Nxf7 Rxb5
21. Nxd8 Rxd8 22. b4 a5 23. Re1 axb4 24. Re7 b3 25. a4 Rb4 0-1

[Event "Xtracon Chess Open 2016"]
[Site "Elsinore"]
[Date "2016.07.30"]
[Round "9.187"]
[White "Jensen, Jonbert"]
[Black "Hestholm, Gustav"]
[Result "1-0"]
[WhiteElo "1492"]
[BlackElo "1055"]
[PlyCount "65"]
[EventDate "2016.07.23"]

1. e4 d5 2. exd5 Qxd5 3. Nc3 Qd6 4. Be2 Nf6 5. h3 c6 6. Nf3 Bf5 7. O-O Nbd7 8.
d4 e6 9. Re1 Qc7 10. Bd3 Bxd3 11. Qxd3 Bd6 12. a4 Nb6 13. Ne4 Nxe4 14. Qxe4 Nd5
15. c3 Nf6 16. Qe3 Bf4 17. Qxf4 Qxf4 18. Bxf4 Nd5 19. Bd6 O-O-O 20. Be5 f6 21.
Bg3 Kd7 22. Rab1 Rdg8 23. Re4 f5 24. Ne5+ Ke7 25. Re2 g5 26. Rbe1 f4 27. Bh2 h5
28. Nf3 Nc7 29. Kh1 g4 30. Nh4 g3 31. fxg3 fxg3 32. Nf5+ Kd7 33. Nxg3 1-0

[Event "Xtracon Chess Open 2016"]
[Site "Elsinore"]
[Date "2016.07.30"]
[Round "9.188"]
[White "Linjord, David Jess"]
[Black "Hestholm, Freddy"]
[Result "1-0"]
[WhiteElo "1488"]
[BlackElo "1281"]
[PlyCount "93"]
[EventDate "2016.07.23"]

1. e4 e5 2. Nf3 Nf6 3. Nxe5 d6 4. Nf3 Nxe4 5. d4 d5 6. Bd3 Bf5 7. O-O Bd6 8.
Re1 O-O 9. c4 Nf6 10. Bxf5 dxc4 11. Qc2 Re8 12. Rxe8+ Qxe8 13. Bg5 Bxh2+ 14.
Kxh2 Nbd7 15. Nc3 h6 16. Re1 Qf8 17. Bxf6 Nxf6 18. Ne4 Qe7 19. Qxc4 g6 20. Bxg6
Rf8 21. Nxf6+ Qxf6 22. Ne5 Kg7 23. Bxf7 Qxf2 24. Rf1 Qh4+ 25. Kg1 b5 26. Qd3
Qg5 27. Qg6+ Qxg6 28. Bxg6 Rxf1+ 29. Kxf1 Kf6 30. Ke2 c5 31. Ke3 cxd4+ 32. Kxd4
Kg5 33. b4 h5 34. Bxh5 Kxh5 35. Nc6 a6 36. Nb8 Kg6 37. Nxa6 Kf7 38. Nc7 Ke7 39.
Nxb5 Kd7 40. Kd5 Kc8 41. a4 Kb7 42. a5 Ka6 43. Nd4 Kb7 44. b5 Ka7 45. Kc6 Ka8
46. b6 Kb8 47. b7 1-0

[Event "Xtracon Chess Open 2016"]
[Site "Elsinore"]
[Date "2016.07.30"]
[Round "9.190"]
[White "Huse, Arne Kjelsbol"]
[Black "Birkestrand, Odd H"]
[Result "0-1"]
[WhiteElo "1163"]
[BlackElo "1676"]
[PlyCount "82"]
[EventDate "2016.07.23"]

1. e4 e5 2. Nf3 Nc6 3. Bb5 a6 4. Ba4 d6 5. Nc3 Bd7 6. d3 Nf6 7. O-O Be7 8. h3
O-O 9. Nh2 b5 10. Bb3 Nd4 11. Qd2 Qc8 12. Qe3 a5 13. a3 Nxb3 14. cxb3 c6 15.
Ne2 Be6 16. Ng3 Bxb3 17. Nf5 Nd5 18. Qg3 g6 19. Nh6+ Kg7 20. exd5 Bxd5 21. Bg5
f6 22. Bc1 Qd8 23. Nf5+ Kh8 24. Nxe7 Qxe7 25. Nf3 Rg8 26. Ne1 Be6 27. Qf3 d5
28. Nc2 Rac8 29. Bd2 a4 30. Nb4 Qf7 31. Nc2 d4 32. Nb4 c5 33. Nc2 Rge8 34. Rfe1
Bd5 35. Qg3 Rc6 36. f3 Be6 37. Rac1 Rec8 38. Qf2 Bf5 39. Qf1 Qb3 40. Na1 Qxb2
41. Rb1 Qxd2 0-1

[Event "Xtracon Chess Open 2016"]
[Site "Elsinore"]
[Date "2016.07.30"]
[Round "9.191"]
[White "Hestholm, Sverre"]
[Black "Glaschak, Joachim"]
[Result "1/2-1/2"]
[WhiteElo "1418"]
[BlackElo "1570"]
[PlyCount "119"]
[EventDate "2016.07.23"]

1. e4 c6 2. d4 d5 3. Nc3 dxe4 4. Nxe4 Bf5 5. Ng3 Bg6 6. Bc4 e6 7. N1e2 h6 8.
O-O Nf6 9. f4 Be7 10. f5 exf5 11. Nxf5 Bxf5 12. Rxf5 Nbd7 13. c3 Nb6 14. Bd3 g6
15. Rf2 Ng4 16. Rf4 Nf6 17. Ng3 Nbd5 18. Rf2 b5 19. Qf3 Kd7 20. Ne4 Kc7 21.
Bf4+ Kb6 22. Be5 Nxe4 23. Bxh8 Nxf2 24. Qxf2 Qxh8 25. Qxf7 g5 26. Rf1 Rf8 27.
Qe6 Rxf1+ 28. Kxf1 Qf6+ 29. Qxf6 Bxf6 30. Kf2 Nf4 31. Bf5 a5 32. a3 b4 33. axb4
axb4 34. Be4 bxc3 35. bxc3 Kb5 36. g3 Ne6 37. d5 cxd5 38. Bxd5 Nc7 39. c4+ Kc5
40. Kf3 Nxd5 41. cxd5 Kxd5 42. h4 Ke5 43. Kg4 gxh4 44. gxh4 Bxh4 45. Kh3 Bf2
46. Kh2 Kf4 47. Kh1 Kg4 48. Kh2 Bg3+ 49. Kh1 Kh3 50. Kg1 Bf2+ 51. Kh1 Be1 52.
Kg1 Kg3 53. Kh1 h5 54. Kg1 h4 55. Kh1 h3 56. Kg1 Bd2 57. Kh1 Bf4 58. Kg1 Kf3
59. Kh1 Bg3 60. Kg1 1/2-1/2

[Event "Xtracon Chess Open 2016"]
[Site "Elsinore"]
[Date "2016.07.30"]
[Round "9.192"]
[White "Morling, Aase"]
[Black "Christoffersen, Micki Aron"]
[Result "1/2-1/2"]
[WhiteElo "1539"]
[BlackElo "1263"]
[PlyCount "77"]
[EventDate "2016.07.23"]

1. e4 e5 2. Nf3 d6 3. d4 Be7 4. dxe5 dxe5 5. Qxd8+ Bxd8 6. Nxe5 Nf6 7. Nc3 Nbd7
8. Nxd7 Bxd7 9. Bd3 Be7 10. Bd2 h6 11. Nb5 Bd6 12. Nxd6+ cxd6 13. O-O Be6 14.
Bb5+ Nd7 15. Rfe1 a6 16. Bxd7+ Bxd7 17. Bb4 Rc8 18. Rac1 Rc6 19. Re3 Kd8 20.
Rc3 Kc7 21. Rxc6+ Bxc6 22. f3 Rd8 23. Rd1 d5 24. exd5 Bxd5 25. b3 b6 26. Kf2
Bb7 27. Rxd8 Kxd8 28. Ke3 Ke8 29. g3 f6 30. f4 Kf7 31. a3 g5 32. Bd2 Kg6 33. c3
gxf4+ 34. Kxf4 Bc6 35. Be3 b5 36. Bd4 Bd5 37. b4 Bb7 38. h4 Bd5 39. Be3 1/2-1/2

[Event "Xtracon Chess Open 2016"]
[Site "Elsinore"]
[Date "2016.07.30"]
[Round "9.193"]
[White "Kreken, Eivind Grunt"]
[Black "Eldor, Finn"]
[Result "1-0"]
[WhiteElo "1245"]
[BlackElo "1428"]
[PlyCount "74"]
[EventDate "2016.07.23"]

1. e4 c5 2. Nc3 Nc6 3. f4 f5 4. exf5 d5 5. Qh5+ Kd7 6. Nxd5 Nf6 7. Nxf6+ exf6
8. Bc4 Qe7+ 9. Qe2 Qxe2+ 10. Nxe2 Bd6 11. O-O Kc7 12. Be6 Re8 13. Bxc8 Raxc8
14. Kf2 Re7 15. d3 Rce8 16. Re1 Nd4 17. Nxd4 Rxe1 18. Ne6+ Kb8 19. Kxe1 g6 20.
g4 h5 21. h3 hxg4 22. hxg4 g5 23. fxg5 fxg5 24. Bxg5 Be5 25. c3 Rh8 26. Ke2
Rh2+ 27. Kf3 Rxb2 28. d4 cxd4 29. cxd4 Bd6 30. f6 Rh2 31. Bf4 Bxf4 32. Nxf4 Rh8
33. Ne6 Rh7 34. g5 Rf7 35. Kf4 Kc8 36. Kf5 Kd7 37. g6 Rxf6+ 1-0